logo

Bir Sreshtho Munshi Abdur Rouf Library
Jhenaidah Cadet College

এই দেখা যায় বাংলাদেশ / (Record no. 1137)

MARC details
000 -LEADER
fixed length control field 00669nam a2200205 a 4500
001 - CONTROL NUMBER
JCCL Control Number 1137
003 - CONTROL NUMBER IDENTIFIER
JCCL marc code BD-JhCC
005 - DATE AND TIME OF LATEST TRANSACTION
control field 20171015184109.0
008 - FIXED-LENGTH DATA ELEMENTS--GENERAL INFORMATION
fixed length control field 171015s2006 bg |||| |||| 000 0 ben d
035 ## - SYSTEM CONTROL NUMBER
system control number (BD-JhCC)1137
040 ## - CATALOGING SOURCE
Original cataloging agency BD-JhCC
Modifying agency BD-JhCC
041 ## - LANGUAGE CODE
Language code of Book ben
082 ## - DEWEY DECIMAL CLASSIFICATION NUMBER
Classification number 891.443
Author mark and Year SAB 2006
100 ## - MAIN ENTRY--PERSONAL NAME
Personal name সাবের, মঈনুল আহসান
245 ## - TITLE STATEMENT
Title এই দেখা যায় বাংলাদেশ /
Statement of responsibility, etc মঈনুল আহসান সাবের
260 ## - PUBLICATION, DISTRIBUTION, ETC. (IMPRINT)
Place of publication, distribution, etc ঢাকা:
Name of publisher, distributor, etc দিব্য প্রকাশ,
Date of publication, distribution, etc ২০০৬
300 ## - PHYSICAL DESCRIPTION
Pagination ৭৬ পৃ.;
Dimensions ২২ সে.মি.
650 ## - SUBJECT ADDED ENTRY--TOPICAL TERM
Topical term or geographic name as entry element Bengali Novel
942 ## - ADDED ENTRY ELEMENTS (KOHA)
Source of classification or shelving scheme Dewey Decimal Classification
Koha item type Books
Holdings
Source of classification or shelving scheme Damaged status Not for loan Home library Current library Shelving location Date of accession Source of acquisition Cost, normal purchase price Total Checkouts Full call number Barcode Date last seen Copy number Koha item type
Dewey Decimal Classification     JCC Rouf Library JCC Rouf Library General Stacks 10/15/2017 10 Efforts Foundation 65.00   891.443 SAB 2006 2115 10/15/2017 C-1 Books
Dewey Decimal Classification     JCC Rouf Library JCC Rouf Library General Stacks 10/16/2017 Zahedee Foundation 65.00   891.443 SAB 2006 2240 10/16/2017 C-2 Books

JCC Library | Contacts | JCC Home

Last Update on 23 September 2017
Copyright @ 2017-2020 JCC Rouf Library
Rouf Library, Jhenidah Cadet College (JCC), Bangladesh